000 00520nam a2200181 i 4500
001 43883
003 ES-MaACL
005 20251011063102.0
007 t|
008 030320m18601863sp ||||1| spa d
100 1 _aCavanilles, Antonio,
_d1805-1864
_937164
245 1 0 _aHistoria de España /
_cAntonio Cavanilles.
260 _aMadrid :
_b[s.n.,
_c1860-1863] (
_fJ. Martín Alegria)
300 _a5 v. ;
_c24 cm.
852 _aES-MaACL
_jC-644-48
852 _aES-MaACL
_jF-10459-63
999 _c43883
_d43883